[Event "Thüringenliga 2015/2016"]
[Site "?"]
[Date "2015.11.08"]
[Round "3"]
[White "Troyke, Christian"]
[Black "Schönfeld, Volker"]
[Result "1/2-1/2"]
[WhiteElo "2326"]
[BlackElo "1898"]
[PlyCount "82"]
[EventDate "2015.??.??"]
[WhiteTeam "Erfurter Schachklub"]
[BlackTeam "VfL 1990 Gera"]

1. g3 g6 2. Bg2 Bg7 3. d4 d5 4. Nf3 Nf6 5. O-O O-O 6. c4 c6 7. cxd5 cxd5 8. Nc3
Ne4 9. Nxe4 dxe4 10. Ne5 Qd5 11. b3 Rd8 12. Bb2 Nd7 13. Nd3 Nf6 14. h3 b6 15.
e3 Bb7 16. Nf4 Qd7 17. Qe2 Rac8 18. Rfc1 Rxc1+ 19. Rxc1 Rc8 20. Qe1 Rc7 21.
Rxc7 Qxc7 22. Qb1 g5 23. Ne2 Ba6 24. Nc3 Bd3 25. Qd1 b5 26. Bf1 Bxf1 27. Kxf1
b4 28. Na4 Nd5 29. Nc5 f5 30. Qh5 Nxe3+ 31. fxe3 Qxg3 32. Ne6 h6 33. Nxg7 Qxe3
34. Nxf5 Qf4+ 35. Ke2 Qxf5 36. Qe8+ Kh7 37. Qxe7+ Kg8 38. Qe8+ Kh7 39. Qh5 Qf4
40. Ke1 Qg3+ 41. Kf1 Qf4+ 1/2-1/2

[Event "Thüringenliga 2015/2016"]
[Site "?"]
[Date "2015.11.08"]
[Round "3"]
[White "Huster, Mike"]
[Black "Vökler, Bernd"]
[Result "0-1"]
[WhiteElo "1900"]
[BlackElo "2271"]
[PlyCount "110"]
[EventDate "2015.??.??"]
[WhiteTeam "VfL 1990 Gera"]
[BlackTeam "Erfurter Schachklub"]

1. d4 Nf6 2. Nf3 g6 3. g3 Bg7 4. Bg2 d5 5. O-O O-O 6. c4 c6 7. Nc3 Ne4 8. cxd5
cxd5 9. Nxe4 dxe4 10. Ng5 Qxd4 11. Qxd4 Bxd4 12. Nxe4 Nc6 13. Rb1 Rd8 14. Bh6
Bg4 15. Rfe1 Rac8 16. e3 Bb6 17. h3 Be6 18. b3 f6 19. Red1 Ne5 20. h4 Rxd1+ 21.
Rxd1 Nf7 22. Bf4 h6 23. g4 Bxg4 24. Rd5 Kg7 25. Nd2 e5 26. Bg3 Rc1+ 27. Kh2 Be6
28. Rd3 f5 29. Nc4 e4 30. Rd2 Bxc4 31. bxc4 Kf6 32. Rd7 Rxc4 33. Rxb7 Rc2 34.
a4 Ra2 35. h5 gxh5 36. Bf1 Ne5 37. Rb8 Ng4+ 38. Kg1 Rxa4 39. Bh4+ Kf7 40. Bb5
Ra1+ 41. Kg2 Ne5 42. Bg3 Rb1 43. Be8+ Ke6 44. Bxh5 Nd3 45. Re8+ Kd7 46. Rf8 Rb2
47. Rxf5 Bxe3 48. Bg4 Kc6 49. Rf6+ Kc5 50. Bd7 Bxf2 51. Rc6+ Kd4 52. Bc7 Ke3
53. Rxh6 Bh4+ 54. Kg1 Ne1 55. Bg4 Rg2+ 0-1

[Event "Thüringenliga 2015/2016"]
[Site "?"]
[Date "2015.11.08"]
[Round "3"]
[White "Burkhardt, Kai"]
[Black "Richter, Sven"]
[Result "0-1"]
[WhiteElo "1835"]
[BlackElo "1950"]
[PlyCount "56"]
[EventDate "2015.??.??"]
[WhiteTeam "Erfurter Schachklub"]
[BlackTeam "VfL 1990 Gera"]

1. e4 g6 2. d4 Bg7 3. Nf3 d6 4. Nc3 Nf6 5. Be2 Nbd7 6. O-O O-O 7. h3 e5 8. Re1
c6 9. Be3 Qe7 10. d5 c5 11. Nd2 Ne8 12. Nc4 f5 13. exf5 gxf5 14. f4 Qh4 15. Qd2
e4 16. Bf2 Qh6 17. Rab1 b6 18. Qe3 Rf6 19. g4 fxg4 20. Qxe4 Nc7 21. Bxg4 Rxf4
22. Qd3 Ba6 23. Bxd7 Bxc4 24. Qg3 Rxf2 25. Kxf2 Kh8 26. Be6 Nxe6 27. Rxe6 Qd2+
28. Kf3 Bxc3 0-1

[Event "Thüringenliga 2015/2016"]
[Site "?"]
[Date "2015.11.08"]
[Round "3"]
[White "Manicke, Hans-Joachim"]
[Black "Troyke, Doreen"]
[Result "0-1"]
[WhiteElo "1876"]
[BlackElo "2013"]
[PlyCount "74"]
[EventDate "2015.??.??"]
[WhiteTeam "VfL 1990 Gera"]
[BlackTeam "Erfurter Schachklub"]

1. b4 c5 2. bxc5 e5 3. Bb2 Nc6 4. e3 Bxc5 5. Nf3 d6 6. Be2 Nf6 7. O-O O-O 8. c4
e4 9. Nd4 Nxd4 10. exd4 Qb6 11. dxc5 Qxb2 12. Nc3 dxc5 13. Rb1 Qa3 14. Qc2 Re8
15. Rb3 Qa5 16. d3 exd3 17. Bxd3 h6 18. Nd5 Nxd5 19. cxd5 Qc7 20. Rd1 Bd7 21.
Bh7+ Kh8 22. Rg3 Qe5 23. Re3 Qg5 24. Rg3 Qxd5 25. h3 Qc6 26. Qc3 f6 27. Qd3 Re7
28. Bg6 c4 29. Qc3 Qc5 30. Bb1 Ba4 31. Rf1 Rd8 32. Rf3 Bc6 33. Rf4 Qg5 34. Rg4
Qe5 35. Qc2 f5 36. Rxc4 Be4 37. Qb3 Bd5 0-1

[Event "Thüringenliga 2015/2016"]
[Site "?"]
[Date "2015.11.08"]
[Round "3"]
[White "Fischer, Dieter"]
[Black "Kretzschmar, Bernd"]
[Result "1/2-1/2"]
[WhiteElo "1903"]
[BlackElo "1850"]
[PlyCount "53"]
[EventDate "2015.??.??"]
[WhiteTeam "Erfurter Schachklub"]
[BlackTeam "VfL 1990 Gera"]

1. e4 g6 2. Nc3 Bg7 3. Nf3 d6 4. d4 c6 5. Be2 e5 6. O-O Nd7 7. Bg5 f6 8. Be3
Nh6 9. dxe5 dxe5 10. h3 Qe7 11. Qd2 Nf7 12. Rad1 O-O 13. a4 a5 14. Bc4 Kh8 15.
Nh2 Qb4 16. b3 Qe7 17. f3 Re8 18. Ng4 Nf8 19. Qf2 Ne6 20. Ne2 h5 21. Nh2 Bh6
22. Bxh6 Nxh6 23. Rd2 Kg7 24. Rfd1 Nf7 25. Nf1 Rd8 26. Rxd8 Nexd8 27. Ne3
1/2-1/2

[Event "Thüringenliga 2015/2016"]
[Site "?"]
[Date "2015.11.08"]
[Round "3"]
[White "Fijalkowski, Jürgen"]
[Black "Streltsyn, Grygoriy"]
[Result "0-1"]
[WhiteElo "1829"]
[BlackElo "2075"]
[PlyCount "78"]
[EventDate "2015.??.??"]
[WhiteTeam "VfL 1990 Gera"]
[BlackTeam "Erfurter Schachklub"]

1. e4 d6 2. Bc4 Nf6 3. d3 g6 4. Ne2 Bg7 5. c3 O-O 6. O-O c6 7. Bb3 Nbd7 8. Ng3
b5 9. a4 Nc5 10. axb5 cxb5 11. Bc2 Bb7 12. Be3 a6 13. Nd2 Qc8 14. h3 Kh8 15. f4
d5 16. e5 Ng8 17. d4 Nd7 18. f5 Qc6 19. Rc1 a5 20. Nf3 Nh6 21. Nh4 Rg8 22. Qd2
gxf5 23. Ngxf5 Nxf5 24. Nxf5 Bf8 25. Bh6 Qe6 26. Rce1 Nb6 27. Qf4 a4 28. Qh4
Rg6 29. Bxf8 Rxf8 30. Nxe7 Rh6 31. Qg5 Nc8 32. Nf5 Rg6 33. Qf4 Rfg8 34. Rf2 f6
35. Nh4 R6g7 36. Qf5 Qe8 37. Qxf6 Ne7 38. Qh6 Qc6 39. Qxc6 Bxc6 {ZÜ} 0-1

[Event "Thüringenliga 2015/2016"]
[Site "?"]
[Date "2015.11.29"]
[Round "4"]
[White "Wehner, Janis"]
[Black "Steinacker, Alex"]
[Result "0-1"]
[WhiteElo "2157"]
[BlackElo "2177"]
[PlyCount "62"]
[EventDate "2015.??.??"]
[WhiteTeam "SV Medizin Erfurt"]
[BlackTeam "Erfurter Schachklub"]

1. e4 c5 2. Nf3 b6 3. Nc3 Bb7 4. d4 cxd4 5. Nxd4 a6 6. g3 e6 7. Bg2 Qc7 8. O-O
d6 9. Qd2 Nd7 10. b3 Rc8 11. Bb2 Ngf6 12. Rae1 Be7 13. h3 O-O 14. f4 Rfe8 15.
g4 Bf8 16. g5 e5 17. Nde2 Nh5 18. f5 d5 19. exd5 e4 20. Bxe4 Bc5+ 21. Kg2 Qe5
22. Rf3 Bd6 23. Qd4 Qh2+ 24. Kf1 Bc5 25. Rf2 Qxh3+ 26. Bg2 Ng3+ 27. Nxg3 Rxe1+
28. Kxe1 Qxg3 29. Qxg7+ Kxg7 30. Ne4+ Qe5 31. f6+ Kg6 0-1

[Event "Thüringenliga 2015/2016"]
[Site "?"]
[Date "2015.11.29"]
[Round "4"]
[White "Troyke, Christian"]
[Black "Hausknecht, Matthias"]
[Result "1/2-1/2"]
[WhiteElo "2326"]
[BlackElo "2113"]
[PlyCount "55"]
[EventDate "2015.??.??"]
[WhiteTeam "Erfurter Schachklub"]
[BlackTeam "SV Medizin Erfurt"]

1. g3 Nf6 2. Bg2 e5 3. c4 c6 4. d3 Bb4+ 5. Nd2 O-O 6. Ngf3 Re8 7. O-O d5 8.
cxd5 cxd5 9. a3 Bf8 10. e4 Nc6 11. b4 dxe4 12. dxe4 Bg4 13. Bb2 Qd3 14. h3 Bh5
15. Re1 a5 16. g4 axb4 17. axb4 Rxa1 18. Bxa1 Bg6 19. Bf1 Qd8 20. b5 Nd4 21.
Nxe5 Rxe5 22. Nb3 Nxe4 23. Qxd4 Rd5 24. Qe3 Bb4 25. Rc1 Nd2 26. Be2 Nxb3 27.
Qxb3 Bf8 28. Rd1 1/2-1/2

[Event "Thüringenliga 2015/2016"]
[Site "?"]
[Date "2015.11.29"]
[Round "4"]
[White "Nguyen, Huy Dat"]
[Black "Brüggemann, Joachim"]
[Result "1-0"]
[WhiteElo "2050"]
[BlackElo "2203"]
[PlyCount "99"]
[EventDate "2015.??.??"]
[WhiteTeam "SV Medizin Erfurt"]
[BlackTeam "Erfurter Schachklub"]

1. e4 c5 2. Nf3 Nc6 3. Bb5 e6 4. Bxc6 bxc6 5. d3 Qc7 6. O-O e5 7. Nc3 Be7 8.
Ne2 d6 9. h3 Rb8 10. b3 Nf6 11. Ng3 O-O 12. Bg5 Ne8 13. Qc1 f6 14. Bd2 Be6 15.
Nh4 g6 16. Nf3 Ng7 17. Bh6 Qd7 18. Kh2 Rf7 19. Ng1 Rbf8 20. N1e2 f5 21. f4 Bf6
22. c3 exf4 23. Nxf4 Be5 24. Qd2 d5 25. exf5 Bxf5 26. Rae1 Re8 27. Kg1 Bxf4 28.
Rxe8+ Qxe8 29. Bxf4 Bc8 30. c4 Ne6 31. Qe3 Qd8 32. Be5 Rxf1+ 33. Nxf1 dxc4 34.
dxc4 Nd4 35. Ng3 Bf5 36. Nxf5 gxf5 37. Kh2 Kf7 38. Qh6 a6 39. Qxh7+ Ke6 40. Bf4
Ne2 41. Qg6+ Qf6 42. Qe8+ Qe7 43. Qxc6+ Kf7 44. Qd5+ Qe6 45. Qb7+ Kg6 46. Qc7
Qe4 47. Be5 Nd4 48. Qg7+ Kh5 49. g4+ fxg4 50. Qf7+ 1-0

[Event "Thüringenliga 2015/2016"]
[Site "?"]
[Date "2015.11.29"]
[Round "4"]
[White "Vökler, Bernd"]
[Black "Kirschbaum, Gunnar"]
[Result "1-0"]
[WhiteElo "2271"]
[BlackElo "2114"]
[PlyCount "45"]
[EventDate "2015.??.??"]
[WhiteTeam "Erfurter Schachklub"]
[BlackTeam "SV Medizin Erfurt"]

1. e4 e5 2. Nf3 d6 3. d4 Nf6 4. Nc3 Nbd7 5. Bc4 Be7 6. O-O O-O 7. a4 c6 8. a5
exd4 9. Qxd4 Nc5 10. Rd1 Be6 11. h3 b5 12. Be2 d5 13. Ne5 Ncxe4 14. Nxe4 Nxe4
15. Nxc6 Qc7 16. Nxe7+ Qxe7 17. Bxb5 Rfc8 18. Bd3 Rab8 19. b3 Nc3 20. Re1 Rc6
21. Bb2 Qc7 22. Re3 g6 23. Bxg6 1-0

[Event "Thüringenliga 2015/2016"]
[Site "?"]
[Date "2015.11.29"]
[Round "4"]
[White "Reichel, Norbert"]
[Black "Krüger, Rainer"]
[Result "1/2-1/2"]
[WhiteElo "2040"]
[BlackElo "2068"]
[PlyCount "39"]
[EventDate "2015.??.??"]
[WhiteTeam "SV Medizin Erfurt"]
[BlackTeam "Erfurter Schachklub"]

1. d4 Nf6 2. Nf3 g6 3. g3 Bg7 4. Bg2 O-O 5. c4 d5 6. O-O c6 7. cxd5 cxd5 8. Ne5
e6 9. Nc3 Nfd7 10. f4 Nc6 11. e3 Ndxe5 12. fxe5 f6 13. exf6 Bxf6 14. Ne2 Qd6
15. b3 Bd7 16. Bb2 Rac8 17. Rc1 Kg7 18. Qd2 b6 19. Nf4 Ne7 20. Rxc8 1/2-1/2

[Event "Thüringenliga 2015/2016"]
[Site "?"]
[Date "2015.11.29"]
[Round "4"]
[White "Duzy, Stefan"]
[Black "Müller-Ludwig, Kristin"]
[Result "1/2-1/2"]
[WhiteElo "1887"]
[BlackElo "1935"]
[PlyCount "65"]
[EventDate "2015.??.??"]
[WhiteTeam "Erfurter Schachklub"]
[BlackTeam "SV Medizin Erfurt"]

1. e4 e6 2. d4 d5 3. Nc3 Bb4 4. e5 Ne7 5. a3 Bxc3+ 6. bxc3 c5 7. Qg4 Qc7 8.
Qxg7 Rg8 9. Qxh7 cxd4 10. Kd1 dxc3 11. Nf3 Nbc6 12. Bg5 Bd7 13. Bf6 Qb6 14. Ke1
O-O-O 15. h4 Rdf8 16. Qd3 Qb2 17. Qd1 Nf5 18. Qb1 Ncd4 19. Nxd4 Nxd4 20. Qxb2
cxb2 21. Rb1 Nxc2+ 22. Kd2 Nxa3 23. Rxb2 Nc4+ 24. Bxc4 dxc4 25. h5 Rxg2 26. h6
Rxf2+ 27. Kc3 Rf3+ 28. Kb4 c3 29. Rc2 Bc6 30. Rh4 a5+ 31. Kxa5 Kc7 32. Kb4 Ra8
33. Rc4 1/2-1/2

[Event "Thüringenliga 2015/2016"]
[Site "?"]
[Date "2015.11.29"]
[Round "4"]
[White "Jakob, Matthias"]
[Black "Troyke, Doreen"]
[Result "1-0"]
[WhiteElo "1952"]
[BlackElo "2013"]
[PlyCount "77"]
[EventDate "2015.??.??"]
[WhiteTeam "SV Medizin Erfurt"]
[BlackTeam "Erfurter Schachklub"]

1. Nc3 c5 2. Nf3 Nc6 3. d3 g6 4. g3 Bg7 5. Bg2 Nf6 6. O-O O-O 7. e4 d6 8. h3
Rb8 9. Be3 b6 10. Qd2 Re8 11. Bh6 Bh8 12. Ng5 Nd4 13. f4 Qc7 14. f5 e6 15. fxg6
hxg6 16. g4 Re7 17. Rf2 Nh7 18. Raf1 f6 19. Nxh7 Rxh7 20. Rxf6 Bxf6 21. Rxf6
Bb7 22. Qg5 Kh8 23. Rxg6 Qf7 24. Rf6 Qe7 25. Qf4 Rg8 26. Bf8 e5 27. Qf2 Qe8 28.
Bxd6 Bc6 29. g5 Bd7 30. h4 Nc6 31. Nd5 Qh5 32. Rf8 Rhg7 33. Rxg8+ Rxg8 34. Nf6
Qd1+ 35. Kh2 Rg7 36. Nxd7 Rxd7 37. Qf8+ Kh7 38. Qh6+ Kg8 39. Qe6+ 1-0

[Event "Thüringenliga 2015/2016"]
[Site "?"]
[Date "2015.11.29"]
[Round "4"]
[White "Fischer, Dieter"]
[Black "Nguyen, Ha Thanh"]
[Result "1-0"]
[WhiteElo "1903"]
[BlackElo "1666"]
[PlyCount "55"]
[EventDate "2015.??.??"]
[WhiteTeam "Erfurter Schachklub"]
[BlackTeam "SV Medizin Erfurt"]

1. e4 c5 2. Nc3 Nc6 3. f4 g6 4. Nf3 Bg7 5. Bc4 e6 6. f5 Nge7 7. fxe6 fxe6 8. d3
O-O 9. O-O b6 10. Bg5 Bb7 11. Qe1 Qe8 12. Nb5 Qb8 13. Qh4 Nc8 14. Bh6 N8e7 15.
Bxg7 Kxg7 16. Ng5 h5 17. Rxf8 Qxf8 18. Rf1 Qb8 19. Nf7 Ng8 20. g4 Nce7 21. gxh5
gxh5 22. Qxh5 Ng6 23. Nbd6 Bc6 24. Ne5 Nxe5 25. Qxe5+ Kh7 26. Rf7+ Kh6 27. Rg7
Qd8 28. Nf7# 1-0

[Event "Thüringenliga 2015/2016"]
[Site "?"]
[Date "2015.11.29"]
[Round "4"]
[White "Neidig, Stefan"]
[Black "Recknagel, Michael"]
[Result "1/2-1/2"]
[WhiteElo "2172"]
[BlackElo "2194"]
[PlyCount "84"]
[EventDate "2015.??.??"]
[WhiteTeam "TSG Apolda"]
[BlackTeam "SC Suhl"]

1. e4 c6 2. d4 d5 3. Nc3 dxe4 4. Nxe4 Nd7 5. Nf3 Ngf6 6. Ng3 e6 7. Bc4 Be7 8.
O-O O-O 9. Qe2 Nb6 10. Bb3 Qc7 11. c3 c5 12. dxc5 Bxc5 13. Be3 Bd7 14. Rfd1 Ba4
15. Bxc5 Qxc5 16. Rd4 Bxb3 17. axb3 a6 18. Rad1 Nbd5 19. Ne4 Nxe4 20. Qxe4 Qb6
21. c4 Nf6 22. Qd3 Qc5 23. Qe3 Rac8 24. Ne5 b5 25. g4 bxc4 26. bxc4 h6 27. h4
Qa5 28. g5 Nh7 29. gxh6 g6 30. h5 Rc5 31. b4 Qxb4 32. Nd3 Qb6 33. Nxc5 Qxc5 34.
hxg6 fxg6 35. Qxe6+ Kh8 36. Qxg6 Rg8 37. Rd8 Nf8 38. R1d6 Rxg6+ 39. Rxg6 Kh7
40. Rg4 Ng6 41. Rd7+ Kxh6 42. Rd3 Kh5 1/2-1/2

[Event "Thüringenliga 2015/2016"]
[Site "?"]
[Date "2015.11.29"]
[Round "4"]
[White "Silberschlag, Jörg"]
[Black "Middelhoff, Cornelius"]
[Result "0-1"]
[WhiteElo "2075"]
[BlackElo "2093"]
[PlyCount "140"]
[EventDate "2015.??.??"]
[WhiteTeam "SC Suhl"]
[BlackTeam "TSG Apolda"]

1. d4 Nf6 2. Nf3 c5 3. d5 b5 4. c4 Bb7 5. e3 d6 6. a4 bxc4 7. Bxc4 g6 8. Nc3
Bg7 9. a5 Ba6 10. Qd3 Bxc4 11. Qxc4 O-O 12. O-O Qc8 13. Rd1 Na6 14. Bd2 Rb8 15.
Na4 Nb4 16. Bc3 Qa6 17. Qxa6 Nxa6 18. Ne1 Nc7 19. Bxf6 Bxf6 20. Ra2 Rb5 21. e4
Rxa5 22. Rda1 Rb8 23. Kf1 Nb5 24. Nc2 Nd4 25. Nxd4 Bxd4 26. Nc3 Bxc3 27. bxc3
Rb1+ 28. Rxb1 Rxa2 29. Rb7 Kf8 30. e5 dxe5 31. Rb8+ Kg7 32. Rc8 Rc2 33. Rxc5 a5
34. Rxa5 Rxc3 35. Ke2 h5 36. Ra7 Rc2+ 37. Ke3 Kf6 38. Ra6+ Kg7 39. Ra7 Kf6 40.
Ra6+ Kf5 41. Ra7 Rc3+ 42. Kd2 Rc5 43. Rxe7 Rxd5+ 44. Ke3 f6 45. Ra7 Rb5 46. Ra2
h4 47. h3 Rb3+ 48. Ke2 Rb1 49. f3 Kg5 50. Kf2 f5 51. Ra4 Rb2+ 52. Kf1 Rd2 53.
Rb4 Rd4 54. Rb6 Ra4 55. Kf2 Ra2+ 56. Kg1 e4 57. fxe4 fxe4 58. Kf1 Kf5 59. Rb8
Kf4 60. Rb6 g5 61. Rb4 Kg3 62. Rxe4 Rf2+ 63. Ke1 Rxg2 64. Re3+ Kh2 65. Kf1 Rg3
66. Re2+ Kxh3 67. Ra2 g4 68. Ra7 Rb3 69. Ra2 g3 70. Ra1 Kh2 0-1

[Event "Thüringenliga 2015/2016"]
[Site "?"]
[Date "2015.11.29"]
[Round "4"]
[White "Goemann, Jens"]
[Black "Eichelmann, Andre"]
[Result "1/2-1/2"]
[WhiteElo "2073"]
[BlackElo "1901"]
[PlyCount "62"]
[EventDate "2015.??.??"]
[WhiteTeam "TSG Apolda"]
[BlackTeam "SC Suhl"]

1. c4 d6 2. g3 c5 3. Bg2 Nc6 4. Nf3 g6 5. O-O Bg7 6. Nc3 Bg4 7. h3 Bxf3 8. Bxf3
e6 9. a3 a5 10. Qa4 Nge7 11. Nd5 exd5 12. cxd5 Rb8 13. dxc6 b5 14. Qc2 O-O 15.
e3 Qb6 16. d4 Nxc6 17. Bd2 Rbc8 18. dxc5 Ne5 19. Be2 Rxc5 20. Qd1 Nc4 21. b4
axb4 22. axb4 Rd5 23. Ra2 Bc3 24. Bxc4 bxc4 25. Qc1 Bxb4 26. Rb2 Rxd2 27. Qxd2
Bxd2 28. Rxb6 Rd8 29. Rc6 c3 30. Rd1 Kg7 31. Kf1 Kf6 1/2-1/2

[Event "Thüringenliga 2015/2016"]
[Site "?"]
[Date "2015.11.29"]
[Round "4"]
[White "Berghof, Axel"]
[Black "Rohmeiß, Roberto"]
[Result "1/2-1/2"]
[WhiteElo "2046"]
[BlackElo "1990"]
[PlyCount "108"]
[EventDate "2015.??.??"]
[WhiteTeam "SC Suhl"]
[BlackTeam "TSG Apolda"]

1. e4 c6 2. d4 d5 3. e5 Bf5 4. Ne2 e6 5. Ng3 Bg6 6. h4 h6 7. h5 Bh7 8. Bd3 Bxd3
9. Qxd3 Qb6 10. O-O c5 11. c3 Nc6 12. Rd1 Rc8 13. Nd2 cxd4 14. Nf3 dxc3 15.
bxc3 Qc7 16. Rb1 Bc5 17. Ne2 Nge7 18. Bf4 a6 19. a4 Na5 20. Nd2 O-O 21. Qh3 Kh8
22. g4 Ng8 23. Kg2 Qc6 24. Nf3 Nc4 25. g5 Qxa4 26. Rdc1 Qd7 27. Rg1 b5 28. Kf1
Qa7 29. Qg3 Bxf2 30. Qxf2 Qxf2+ 31. Kxf2 hxg5 32. Bxg5 f6 33. exf6 Nxf6 34.
Bxf6 Rxf6 35. Kg3 Nd6 36. Ne5 Ne4+ 37. Kh2 Rf5 38. Ng6+ Kh7 39. Nef4 Nd2 40.
Ne7 Rxf4 41. Nxc8 Nxb1 42. Rxb1 Rh4+ 43. Kg3 Rxh5 44. Ne7 g6 45. Ra1 Kg7 46.
Rxa6 Re5 47. Kf3 Re4 48. Nc8 Rc4 49. Nd6 Rxc3+ 50. Kf4 Kf6 51. Nxb5 g5+ 52. Kg4
Rc4+ 53. Kg3 Re4 54. Nd6 Rb4 1/2-1/2

[Event "Thüringenliga 2015/2016"]
[Site "?"]
[Date "2015.11.29"]
[Round "4"]
[White "Mucha, Annegret"]
[Black "Feld-Gerdes, Wolfgang"]
[Result "0-1"]
[WhiteElo "2005"]
[BlackElo "2048"]
[PlyCount "94"]
[EventDate "2015.??.??"]
[WhiteTeam "TSG Apolda"]
[BlackTeam "SC Suhl"]

1. e4 c5 2. Nc3 g6 3. f4 e6 4. Bc4 Bg7 5. Nf3 Ne7 6. O-O O-O 7. d3 Nbc6 8. Qe1
d5 9. Bb3 a6 10. a4 Rb8 11. f5 dxe4 12. dxe4 exf5 13. Qh4 Nd4 14. Ng5 h6 15.
Nxf7 Rxf7 16. Bxf7+ Kxf7 17. Bxh6 Qh8 18. Qg3 Be5 19. Bf4 Nec6 20. Bxe5 Qxe5
21. Qf2 Kg7 22. Rae1 Be6 23. exf5 Qxf5 24. Qh4 Rh8 25. Rxf5 Rxh4 26. Rxc5 Bf5
27. Nd5 Nxc2 28. Rf1 N2d4 29. g3 Re4 30. Nf4 Re3 31. Rc3 Re4 32. Rc5 Ne6 33.
Nxe6+ Bxe6 34. Kf2 Rxa4 35. Re1 Kf6 36. Rc2 Rb4 37. Rce2 Bf5 38. Rd2 Na5 39.
Rd6+ Kg5 40. h4+ Kg4 41. Re2 Nb3 42. Rd8 Nc5 43. h5 Kxh5 44. Rh8+ Kg5 45. Rh4
Rb3 46. Rh7 Ne4+ 47. Ke1 Rxg3 0-1

[Event "Thüringenliga 2015/2016"]
[Site "?"]
[Date "2015.11.29"]
[Round "4"]
[White "Müller, Bernd"]
[Black "Carnot, Luca"]
[Result "1/2-1/2"]
[WhiteElo "1704"]
[BlackElo "1811"]
[PlyCount "66"]
[EventDate "2015.??.??"]
[WhiteTeam "SC Suhl"]
[BlackTeam "TSG Apolda"]

1. e4 c5 2. Nf3 Nc6 3. d4 cxd4 4. Nxd4 g6 5. Nc3 Bg7 6. Be3 Nf6 7. Bc4 Qa5 8.
O-O Ne5 9. Bb3 Neg4 10. Qe2 Nxe3 11. Qxe3 O-O 12. h3 d6 13. f4 Nd7 14. f5 Qb6
15. Rad1 Nf6 16. fxg6 hxg6 17. Rf3 Bd7 18. e5 dxe5 19. Qxe5 Bc6 20. Na4 Bxa4
21. Bxa4 Nh5 22. Qe3 Rad8 23. c3 Qxb2 24. Bb3 e5 25. Qe2 Qxe2 26. Nxe2 Rxd1+
27. Bxd1 e4 28. Rf1 Be5 29. g4 Nf6 30. Bb3 Kg7 31. Kg2 g5 32. Rf5 Bf4 33. Nxf4
gxf4 1/2-1/2

[Event "Thüringenliga 2015/2016"]
[Site "?"]
[Date "2015.11.29"]
[Round "4"]
[White "Maiwald, Harald"]
[Black "Will, Ralph"]
[Result "1-0"]
[WhiteElo "1922"]
[BlackElo "1735"]
[PlyCount "59"]
[EventDate "2015.??.??"]
[WhiteTeam "TSG Apolda"]
[BlackTeam "SC Suhl"]

1. Nf3 d5 2. g3 g6 3. Bg2 Bg7 4. d4 Nf6 5. O-O O-O 6. c4 c6 7. cxd5 cxd5 8. Nc3
Nc6 9. Ne5 e6 10. Nxc6 bxc6 11. Na4 Nd7 12. Bf4 Ba6 13. Qd2 Qe7 14. Rfc1 Rfc8
15. Nc5 Nxc5 16. Rxc5 e5 17. Bg5 Qd6 18. Ra5 Bb7 19. dxe5 Bxe5 20. Rd1 Qc7 21.
b4 Bg7 22. e4 dxe4 23. Bxe4 Bf8 24. Bf6 Bg7 25. Bxg7 Kxg7 26. Qd4+ Kg8 27. Rxa7
c5 28. Rxb7 Qxb7 29. Bxb7 cxd4 30. Bxc8 1-0

[Event "Thüringenliga 2015/2016"]
[Site "?"]
[Date "2015.11.29"]
[Round "4"]
[White "v.d. Weth-v. Nordheim, Petra"]
[Black "Schmidt, Matthias"]
[Result "0-1"]
[WhiteElo "1821"]
[BlackElo "1950"]
[PlyCount "100"]
[EventDate "2015.??.??"]
[WhiteTeam "SC Suhl"]
[BlackTeam "TSG Apolda"]

1. Nf3 Nf6 2. g3 g6 3. Bg2 Bg7 4. O-O O-O 5. d4 h6 6. c4 d5 7. cxd5 Nxd5 8. Ne5
c6 9. a3 Nd7 10. Qc2 Kh7 11. Nc3 Nxe5 12. Nxd5 Nd7 13. Nf4 Nf6 14. Rd1 Qa5 15.
Bd2 Qb6 16. Bb4 Re8 17. Qc4 e6 18. e4 a5 19. Bc5 Qc7 20. a4 Nd7 21. Ba3 Nb6 22.
Qc2 Bd7 23. e5 Kg8 24. Be4 Rac8 25. Nxg6 fxg6 26. Bxg6 Rf8 27. Bd6 Qd8 28. Bxf8
Qxf8 29. f4 Nd5 30. Be4 Ne3 31. Qb3 Nxd1 32. Qxb7 Qd8 33. Rxd1 Rb8 34. Qa6 Qb6
35. Qxb6 Rxb6 36. Rc1 Bf8 37. Rc2 Kf7 38. Kg2 Rb4 39. Bxc6 Bxc6+ 40. Rxc6 Rxd4
41. Rc7+ Kg6 42. b3 Rd3 43. Rb7 Bb4 44. Rb6 Kf5 45. Rc6 Rxb3 46. Rc4 Ra3 47. h3
h5 48. Rc7 Rxa4 49. Rg7 Ke4 50. g4 h4 0-1

[Event "Thüringenliga 2015/2016"]
[Site "?"]
[Date "2015.11.29"]
[Round "4"]
[White "Hoffmann, Tim"]
[Black "Siebarth, Raiko"]
[Result "1/2-1/2"]
[WhiteElo "2047"]
[BlackElo "2205"]
[PlyCount "50"]
[EventDate "2015.??.??"]
[WhiteTeam "ESV Gera"]
[BlackTeam "SG Blau-Weiß Stadtilm"]

1. e4 c5 2. Nf3 e6 3. d4 cxd4 4. Nxd4 Nc6 5. Nb3 Nf6 6. Bd3 Qc7 7. Nc3 a6 8. a4
Bd6 9. h3 Bb4 10. O-O Ne7 11. Bd2 Qb8 12. Qe2 e5 13. Bc4 d6 14. f4 Bxc3 15.
Bxc3 Bd7 16. fxe5 dxe5 17. Kh1 O-O 18. Bb4 Re8 19. Nc5 Qc8 20. Rad1 Be6 21.
Nxe6 fxe6 22. Rd6 Ng6 23. g3 Kh8 24. Rfd1 Rb8 25. Ba5 Nf8 1/2-1/2

[Event "Thüringenliga 2015/2016"]
[Site "?"]
[Date "2015.11.29"]
[Round "4"]
[White "Schneider, Christian"]
[Black "Puschendorf, Steffen"]
[Result "1-0"]
[WhiteElo "2181"]
[BlackElo "2086"]
[PlyCount "93"]
[EventDate "2015.??.??"]
[WhiteTeam "SG Blau-Weiß Stadtilm"]
[BlackTeam "ESV Gera"]

1. c4 e6 2. Nf3 d5 3. b3 f5 4. Bb2 Nf6 5. g3 c6 6. Bg2 Bd6 7. O-O O-O 8. d3 Qe7
9. Nc3 Nbd7 10. Re1 e5 11. cxd5 Nxd5 12. e4 Nxc3 13. Bxc3 fxe4 14. dxe4 Nf6 15.
h3 Bd7 16. Qe2 b5 17. Rad1 c5 18. Qd2 Bc7 19. Nh4 Rad8 20. Qg5 Nd5 21. Qxe7
Nxe7 22. Nf3 Nc6 23. Rd5 Nd4 24. Bxd4 exd4 25. Rxc5 Bb6 26. Rd5 Bc6 27. Rxd8
Rxd8 28. Ne5 Bb7 29. Nd3 Rc8 30. Rc1 Rc3 31. Rxc3 dxc3 32. e5 Bxg2 33. Kxg2 c2
34. Kf3 Bd4 35. Ke2 Bxe5 36. Kd2 Bd4 37. Kxc2 a5 38. a4 b4 39. f3 Kf7 40. Nf4
g5 41. Ne2 Bb6 42. Kd3 Ke6 43. Ke4 Kf6 44. Kd5 Bc7 45. g4 Bd8 46. Nd4 Bb6 47.
Nc6 1-0

[Event "Thüringenliga 2015/2016"]
[Site "?"]
[Date "2015.11.29"]
[Round "4"]
[White "Gläßl, Matthias"]
[Black "Neubauer, Andreas"]
[Result "1/2-1/2"]
[WhiteElo "2024"]
[BlackElo "2056"]
[PlyCount "82"]
[EventDate "2015.??.??"]
[WhiteTeam "ESV Gera"]
[BlackTeam "SG Blau-Weiß Stadtilm"]

1. e4 c5 2. Nf3 a6 3. c3 Nf6 4. e5 Nd5 5. d4 d6 6. dxc5 dxc5 7. Bc4 e6 8. O-O
Be7 9. Qe2 b5 10. Bd3 c4 11. Be4 Bb7 12. a4 Nd7 13. axb5 axb5 14. Rxa8 Qxa8 15.
b4 O-O 16. Ne1 Rc8 17. f4 g6 18. Bxd5 Bxd5 19. Na3 Qa6 20. Nec2 Bd8 21. Be3 Be4
22. Ra1 Qa4 23. Nd4 Bd3 24. Qb2 Qa8 25. Naxb5 Qe4 26. Qd2 Ra8 27. Rxa8 Qxa8 28.
Nd6 Nb6 29. Nf3 Nd5 30. Bd4 Qa1+ 31. Kf2 h5 32. Kg3 Qf1 33. Qf2 Qc1 34. Qe1
Qxf4+ 35. Kf2 Kg7 36. g3 Qg4 37. Kg2 Nf4+ 38. Kf2 Nh3+ 39. Kg2 Nf4+ 40. Kf2
Nh3+ 41. Kg2 Nf4+ 1/2-1/2

[Event "Thüringenliga 2015/2016"]
[Site "?"]
[Date "2015.11.29"]
[Round "4"]
[White "George, Tom"]
[Black "Schmidt, Frank"]
[Result "1-0"]
[WhiteElo "2044"]
[BlackElo "1956"]
[PlyCount "73"]
[EventDate "2015.??.??"]
[WhiteTeam "SG Blau-Weiß Stadtilm"]
[BlackTeam "ESV Gera"]

1. d4 Nf6 2. c4 g6 3. Nc3 Bg7 4. e4 d6 5. Nf3 O-O 6. h3 e5 7. d5 a5 8. Be3 Na6
9. g4 Bd7 10. Be2 Nc5 11. Nd2 a4 12. g5 Ne8 13. h4 f5 14. h5 gxh5 15. Rxh5 f4
16. Bxc5 dxc5 17. Bg4 Nd6 18. Qf3 Nf7 19. Bxd7 Qxd7 20. O-O-O Ra6 21. Qh1 Rg6
22. Nf3 Ra8 23. Rg1 Qe7 24. d6 Qxd6 25. Rxh7 Qd3 26. a3 Raa6 27. Qh5 Qxc4 28.
Nh4 Rxg5 29. Rxg5 Nxg5 30. Rxg7+ Kxg7 31. Nf5+ Kf8 32. Qxg5 Re6 33. Qd8+ Kf7
34. Qxc7+ Kg6 35. Qg7+ Kh5 36. Qg2 Re8 37. Ng7+ 1-0